| 000 | 00605aam a2200229 4500 | ||
|---|---|---|---|
| 005 | 20231010120305.0 | ||
| 008 | 150611b2008 xxu||||| |||| 00| 0 spa d | ||
| 020 | _a9789977678085 | ||
| 041 | _aESP | ||
| 082 | _a306.85 R696f | ||
| 100 |
_aRodríguez Saenz, Eugenia _924331 |
||
| 245 | _aLas familias costarricenses durante los siglos XVIII, XIX y XX | ||
| 260 |
_aCosta Rica _bEUCR _c2008 |
||
| 300 | _a80 páginas | ||
| 650 | _aCOSTA RICA | ||
| 650 | _aFAMILIAS | ||
| 650 | _aASPECTOS SOCIALES | ||
| 650 | _aMATRIMONIO | ||
| 650 | _aMUJERES | ||
| 650 | _aMORAL | ||
| 942 |
_cBK _2ddc |
||
| 999 |
_c2796 _d2796 |
||